Red Sox 25-man 2018 World Series Roster - Statistics

General Stats
  • This quiz has been taken 207 times
  • The average score is 18 of 25
Answer Stats
Position Answer % Correct
OF Mookie Betts
99%
SP Chris Sale
97%
SS Xander Bogaerts
95%
OF Jackie Bradley Jr.
94%
3B Rafael Devers
94%
OF Andrew Benintendi
92%
C Christian Vazquez
91%
CP Craig Kimbrel
88%
SP David Price
87%
OF/DH J.D. Martinez
86%
1B Mitch Moreland
82%
U Brock Holt
78%
C Sandy Leon
76%
1B Steve Pearce
75%
SP Nathan Eovaldi
74%
SP Rick Porcello
73%
SP Eduardo Rodriguez
72%
3B/SS Eduardo Nunez
66%
2B Ian Kinsler
64%
RP Matt Barnes
64%
C Blake Swihart
47%
RP Joe Kelly
47%
RP Ryan Brasier
42%
RP Heath Hembree
31%
RP Drew Pomeranz
27%
No matching quizzes found
Score Distribution
Percent of People with Each Score
Percentile by Number Answered
Your Score History
You have not taken this quiz